[Event "Cappelle Online Blitz op 1st"]
[Site "Europe Echecs INT"]
[Date "2021.01.10"]
[Round "3"]
[White "Vie, Maxence"]
[Black "Mekhane, Adam"]
[Result "0-1"]
[WhiteElo "1658"]
[BlackElo "1981"]
[PlyCount "104"]
[EventDate "2021.01.10"]
[EventType "swiss (blitz)"]
[EventRounds "11"]
[EventCountry "FRA"]
[SourceTitle "CBM 200 Extra"]
[Source "ChessBase"]
[SourceDate "2021.03.31"]
[SourceVersion "1"]
[SourceVersionDate "2021.03.31"]
[SourceQuality "1"]

1. e4 c5 2. Nc3 Nc6 3. f4 g6 4. Nf3 Bg7 5. Bc4 e6 6. 0-0 Nge7 7. Qe1 0-0 8. d3 d5 9. Bb3 b5 10. Nxb5 Qb6 11. c4 dxc4 12. Bxc4 Ba6 13. a4 Bxb5 14. axb5 Nd4 15. Nxd4 cxd4 16. Qh4 Qc7 17. f5 exf5 18. Bg5 Rfe8 19. Bh6 Qe5 20. Rae1 Bxh6 21. Qxh6 Qg7 22. Qh3 Rf8 23. exf5 Nxf5 24. Re4 Ne3 25. Rf3 Nxc4 26. dxc4 Rfe8 27. Ref4 Re1+ 28. Kf2 Rae8 29. Qd7 R1e2+ 30. Kg3 R2e7 31. Qxd4 Qh6 32. Rh4 Qg5+ 33. Rg4 Qc1 34. c5 Qe1+ 35. Qf2 Qe5+ 36. Kh3 h5 37. Rh4 Qe6+ 38. g4 hxg4+ 39. Rxg4 Kg7 40. Kg2 Qxg4+ 41. Rg3 Qe2 42. Qxe2 Rxe2+ 43. Kf3 Rc2 44. Rg4 Rxc5 45. b4 Rxb5 46. h4 Reb8 47. h5 Rxh5 48. Ke3 Rhb5 49. Kd3 Rxb4 50. Rg2 Rb3+ 51. Kd4 Rb2 52. Kd5 Rxg2 0-1